| 000 | 00343nam a2200121 4500 | ||
|---|---|---|---|
| 999 |
_c12336 _d12336 |
||
| 008 | 190123b ||||| |||| 00| 0 eng d | ||
| 100 |
_934842 _aArado, Jennie P. |
||
| 245 |
_aBanana disease solutions/ _cJennie P. Arado |
||
| 260 |
_aDavao City _bSun Star Davao _cc2018 |
||
| 300 | _apage 10. | ||
| 650 | 0 |
_934843 _aAgriculture. |
|
| 942 |
_2ddc _cPER |
||